|
|
|
|
| LEADER |
00707nab a2200205 i 4500 |
| 001 |
publ5751 |
| 005 |
20220916153918.0 |
| 008 |
151028s2008 hu o 0|| zxx d |
| 022 |
|
|
|a 0324-721X
|
| 024 |
7 |
|
|a 1709971
|2 mtmt
|
| 040 |
|
|
|a SZTE Publicatio Repozitórium
|b hun
|
| 041 |
|
|
|a zxx
|
| 100 |
1 |
|
|a Imreh Csanád
|
| 245 |
1 |
3 |
|a On Monogenic Nondeterministic Automata
|h [elektronikus dokumentum] /
|c Imreh Csanád
|
| 260 |
|
|
|a Szegedi Tudományegyetem
|c 2008
|
| 300 |
|
|
|a 777-782
|
| 490 |
0 |
|
|a Acta Cybernetica (Szeged)
|v 18 No. 4
|
| 650 |
|
4 |
|a Számítás- és információtudomány
|
| 700 |
0 |
1 |
|a Ito Masami
|e aut
|
| 856 |
4 |
0 |
|u http://publicatio.bibl.u-szeged.hu/5751/1/Imreh_2008_ActaCybernetica.pdf
|z Dokumentum-elérés
|